| 000 | 01004nam a2200229Ia 4500 | ||
|---|---|---|---|
| 001 | 773 | ||
| 003 | GE_BSU | ||
| 008 | 181216s||||||||xx |||||||||||||| ||und|| | ||
| 040 | _cGE_BSU | ||
| 080 | _a332 | ||
| 100 | _aბოლაშვილი,პაატა | ||
| 245 | _aმუნიციპალური განვითარების სოციალური და ეკონომიკური პრობლემები | ||
| 245 | _bსაქართველოს მუნიციპალური პროგრამათა განხორციელების საკოორდინაციო ცენტრი | ||
| 245 | _cრედ.ნ.ჭითანავა | ||
| 260 | _aთბილისი | ||
| 260 | _bშპს"ფორმა | ||
| 260 | _c2000 | ||
| 300 | _a301გვ. | ||
| 541 | _h8ლ. | ||
| 653 | _aმუნიციპალური მმართველობა საქართველოში | ||
| 942 | _cBK | ||
| 999 |
_c34944 _d34944 |
||